Elementos de derecho administrativo y legislación fiscal /

Guardado en:
Autor Principal: Monacelli, Gualterio
Formato: Libro
Publicado: Buenos Aires : Imprenta Balmes, 1956
Materias:
Etiquetas: Agregar Etiqueta
Sin Etiquetas, Sea el primero en etiquetar este registro!
LEADER 00474nam a22001575a 4500
001 CEM.cems004485
005 20060216000000.0
008 130507s1956##################000#0#####d
003 CEMS
082 0 4 |a 344 
100 1 |a Monacelli, Gualterio 
245 1 0 |a Elementos de derecho administrativo y legislación fiscal / 
260 |a Buenos Aires :  |b Imprenta Balmes,  |c 1956 
300 |a 314 p. 
653 |a Derecho administrativo 
859 |a CEMS  |b BIB. CEMS - 11 de abril  |h 344  |i M74  |p 4301.75  |t Ej.1